Madrid y la ciencia : (Record no. 196068)

MARC details
000 -LEADER
campo de control de longitud fija 01971nam a2200445 i 4500
001 - NÚMERO DE CONTROL
campo de control 196068
003 - IDENTIFICADOR DE NÚMERO DE CONTROL
campo de control ES-MaACL
005 - FECHA Y HORA DE LA ÚLTIMA TRANSACCIÓN
campo de control 20250813210256.0
008 - DATOS DE LONGITUD FIJA--INFORMACIÓN GENERAL
campo de control de longitud fija 240811s2020 sp a | ||||o000 0 spa
015 ## - NÚMERO DE BIBLIOGRAFÍA NACIONAL
Número de bibliografía nacional MON20
017 ## - NÚMERO DE COPYRIGHT O DE DEPÓSITO LEGAL
Número de copyright o de depósito legal M 32310-2020
Agencia que asigna Oficina Depósito Legal Madrid
020 ## - NÚMERO INTERNACIONAL ESTÁNDAR DEL LIBRO
Número Internacional Estándar del Libro 9788494049163
035 ## - NÚMERO DE CONTROL DEL SISTEMA
Número de control de sistema (SpMaBN)a6866802
035 ## - NÚMERO DE CONTROL DEL SISTEMA
Número de control de sistema 991034057149708606
040 ## - FUENTE DE CATALOGACIÓN
Centro catalogador/agencia de origen SpMaBN
Lengua de catalogación spa
Centro/agencia transcriptor SpMaBN
Normas de descripción rda
041 0# - CÓDIGO DE IDIOMA
Código de lengua del sumario o resumen spa
-- eng
080 ## - NÚMERO DE LA CLASIFICACIÓN DECIMAL UNIVERSAL
Número de la Clasificación Decimal Universal 001(460.271)"19"
245 00 - MENCIÓN DEL TÍTULO
Título Madrid y la ciencia :
Resto del título un paseo a través de la historia (III) : primera mitad del siglo XX (1900-1950) /
Mención de responsabilidad, etc. Eduardo L. Huertas Vázquez [y otros ocho].
264 #1 - PRODUCCIÓN, PUBLICACIÓN, DISTRIBUCIÓN, FABRICACIÓN Y COPYRIGHT
Producción, publicación, distribución, fabricación y copyright Madrid :
Nombre del de productor, editor, distribuidor, fabricante Instituto de Estudios Madrileños,
Fecha de producción, publicación, distribución, fabricación o copyright 2020.
264 #4 - PRODUCCIÓN, PUBLICACIÓN, DISTRIBUCIÓN, FABRICACIÓN Y COPYRIGHT
Fecha de producción, publicación, distribución, fabricación o copyright ©2020
300 ## - DESCRIPCIÓN FÍSICA
Extensión 303 páginas :
Otras características físicas ilustraciones (blanco y negro) ;
Dimensiones 24 cm.
336 ## - TIPO DE CONTENIDO
Término de tipo de contenido Texto
-- Imagen fija
Fuente rdacontent
337 ## - TIPO DE MEDIO
Nombre/término del tipo de medio sin mediación
Fuente rdamedia
338 ## - TIPO DE SOPORTE
Nombre/término del tipo de soporte volumen
Fuente rdacarrier
490 1# - MENCIÓN DE SERIE
Mención de serie Biblioteca de Estudios Madrileños ;
Designación de volumen o secuencia LV
500 ## - NOTA GENERAL
Nota general "Ciclo de conferencias"--Cubierta
504 ## - NOTA DE BIBLIOGRAFÍA, ETC.
Nota de bibliografía, etc. Incluye referencias bibliográficas
530 ## - NOTA DISPONIBLE DE FORMULARIO FÍSICO ADICIONAL
Nota de formato físico adicional disponible Versión digital en: https://institutoestudiosmadrileños.es/wp-content/uploads/2020/07/MADRID-Y-LA-CIENCIA-II.pdf
546 ## - NOTA DE IDIOMA
Nota de lengua/lenguaje Texto en español; resumen en español e inglés
650 #7 - PUNTO DE ACCESO ADICIONAL DE MATERIA--TÉRMINO DE MATERIA
Término de materia o nombre geográfico como elemento de entrada Ciencia-
Subdivisión geográfica Madrid
Fuente del encabezamiento o término
9 (RLIN) 174176
700 1# - ENTRADA AGREGADA--NOMBRE PERSONAL
Nombre de persona Huertas Vázquez, Eduardo
Término indicativo de función/relación Autor
9 (RLIN) 64577
830 #0 - PUNTO DE ACCESO ADICIONAL DE SERIE-TÍTULO UNIFORME
9 (RLIN) 185680
Título uniforme Biblioteca de Estudios Madrileños ;
Designación de volumen o secuencia LV
852 ## - LOCALIZACIÓN
Ubicación ES-MaACL
Ubicación en estantería Depósito J
Número de control de estantería N-9195
Donativo/Legado Donación: Eduardo L. Huertas Vázquez
Encuadernación Encuadernación rústica
itemnumber 205100
856 4# - LOCALIZACIÓN Y ACCESO ELECTRÓNICOS
Identificador Uniforme de Recursos <a href="https://institutoestudiosmadrileños.es/wp-content/uploads/2020/07/MADRID-Y-LA-CIENCIA-II.pdf">https://institutoestudiosmadrileños.es/wp-content/uploads/2020/07/MADRID-Y-LA-CIENCIA-II.pdf</a>
Texto de enlace Insituto de Estudos Madrileños
Estado de acceso Activo a 27/04/2025
903 ## - NOMBRE PERSONAL DE DONANTE
a Huertas Vázquez, Eduardo
e Donante
9 64577
942 ## - ELEMENTOS DE ENTRADA SECUNDARIOS (KOHA)
Tipo de ítem Koha Libro impreso
Suprimir en OPAC No
Holdings
Estatus retirado Estado de pérdida Fuente del sistema de clasificación o colocación Estado de daño No para préstamo Biblioteca de origen Biblioteca actual Ubicación en estantería Fecha de adquisición Fuente de adquisición Total de préstamos Signatura topográfica completa Código de barras Visto por última vez Precio de reemplazo Tipo de ítem Koha
    Clasificación decimal universal     Biblioteca del Ateneo de Madrid Biblioteca del Ateneo de Madrid Depósito J 27/04/2025 Donación   N-9195 101229935 27/04/2025 27/04/2025 Libro impreso